Nuevo León : recursos y desarrollo /

Shranjeno v:
Bibliografske podrobnosti
Glavni avtor: Guerra Gómez, Antonio (autor)
Format: Knjiga
Jezik:španščina
Izdano: Monterrey, México : Instituto Tecnológico y de Estudios Superiores de Monterrey, Instituto de Investigaciones Industriales, 1966
Oznake: Označite
Brez oznak, prvi označite!

MARC

LEADER 00000nam^a2200000^a^4500
001 000627517
005 20260220000000.0
009 20260310134054.815
037 |a Acervo ITESO - Biblioteca 
041 |a ESP 
091 |a FOB. 04084 
100 |a Guerra Gómez, Antonio  |e (autor) 
245 1 0 |a Nuevo León :  |b recursos y desarrollo / 
264 1 |a Monterrey, México :  |b Instituto Tecnológico y de Estudios Superiores de Monterrey, Instituto de Investigaciones Industriales,  |c 1966 
300 |a 134 p. 
336 |a texto  |b txt  |2 rdacontenido 
337 |a sin mediación  |b n  |2 rdamedio 
338 |a volumen  |b nc  |2 rdasoporte 
649 |a XX 
910 |a Fondo Carlos de Obeso Orendain 
920 |a Impresos - Libros 
930 |a Fondos Especiales 
905 |a 147 
901 |a 627517-10  |b IT2  |c ESP  |i D85955  |u 20260206 
902 |a https://opac.biblio.iteso.mx/vufind/Record/000627517